Cuerpo de Mozos de las Escuadras de Cataluña : situación, organización y distribución de las fuerzas situación, organización y distribución de las fuerzas
Descripción Física:
34 p. ; 10 cm
Materias:
Catalunya. Mossos d'Esquadra
MARC
| LEADER | 00000nam a2200000Ia 4500 | ||
|---|---|---|---|
| 001 | 22762 | ||
| 008 | 160829s1935 xx 000 0 cat d | ||
| 080 | |a RF-16-4 | ||
| 245 | |a Cuerpo de Mozos de las Escuadras de Cataluña : |b situación, organización y distribución de las fuerzas | ||
| 260 | |a [Barcelona : |b s.n.], |c 1935 | ||
| 300 | |a 34 p. ; |c 10 cm | ||
| 590 | |a Prové de MA-368 | ||
| 650 | |a Catalunya. Mossos d'Esquadra | ||
| 856 | 4 | |u https://media.diba.cat/diba/fitxers/arxiu/fulletons/bib_22762_1935_baixa.pdf |y Accés lliure | |
| 856 | 4 | |u https://media.diba.cat/diba/fitxers/arxiu/fulletons/bib_22762_1935_baixa.pdf |y Accés lliure | |
| 901 | |a Arxiu | ||
| 942 | |n 1 |2 udc | ||
| 952 | |0 0 |1 0 |4 0 |6 RF164 |7 1 |9 54103 |a Arxiu |b Arxiu |d 2016-12-01 |l 0 |o RF-16-4 |p 22762 |r 2016-12-01 00:00:00 |w 2016-12-01 |y ARXIU | ||
| 999 | |c 57971 |d 57971 | ||
| 900 | |a bib_22762_1935_baixa.pdf | ||